000 00534nam a2200193Ia 4500
005 20250423100817.0
008 250422s9999 xx 000 0 und d
020 _a9781292022345
050 _aBF 181 .C48/
100 _aChristensen, Larry B.
245 0 _aResearch methods, design, and analysis
250 _a11th ed.
260 _aBoston
260 _bPearson
260 _c2014
300 _a544 p
650 _aPsychology, Experimental--Textbooks. Psychology--Experiments--Textbooks. Experimental design.
942 _cBK
999 _c34410
_d34410